Представление документа в формате MARC21

ПолеНазваниеЗначение
  Тип записи a
  Библиографический уровень m
001 Контрольный номер RU\infra-m\znanium\bibl\2222254
005 Дата корректировки 20260429142317.7
008 Кодируемые данные 260123s2026 RU g rus u
020 Индекс ISBN __
a ISBN 978-5-9558-0404-0
020 Индекс ISBN __
a ISBN 978-5-16-113681-2 (электр. издание)
020 Индекс ISBN __
a ISBN 978-5-16-010349-5 (ISBN соиздателя)
040 Источник каталогиз. __
a Служба первич. каталог. Общество с ограниченной ответственностью «ЗНАНИУМ»
041 Код языка издания __
a Код языка текста rus
044 Код страны публикации __
a Код страны публикации RU
080 Индекс УДК __
a Индекс УДК 339.138(075.8)
084 Индекс другой классификации/Индекс ББК __
2 Источник индекса rubbk
a Индекс другой классификации/Индекс ББК 65.290-2я73
084 Индекс другой классификации/Индекс ББК __
2 Источник индекса okso
a Индекс другой классификации/Индекс ББК 38.03.02
084 Индекс другой классификации/Индекс ББК __
2 Источник индекса okso
a Индекс другой классификации/Индекс ББК 38.03.06
084 Индекс другой классификации/Индекс ББК __
2 Источник индекса okso
a Индекс другой классификации/Индекс ББК 38.04.02
084 Индекс другой классификации/Индекс ББК __
2 Источник индекса okso
a Индекс другой классификации/Индекс ББК 38.04.06
084 Индекс другой классификации/Индекс ББК __
2 Источник индекса okso
a Индекс другой классификации/Индекс ББК 42.03.01
084 Индекс другой классификации/Индекс ББК __
2 Источник индекса okso
a Индекс другой классификации/Индекс ББК 42.04.01
084 Индекс другой классификации/Индекс ББК __
2 Источник индекса okso
a Индекс другой классификации/Индекс ББК 44.03.01
084 Индекс другой классификации/Индекс ББК __
2 Источник индекса okso
a Индекс другой классификации/Индекс ББК 44.03.05
245 Заглавие __
a Заглавие Поведение потребителей
b Продолж. заглавия Учебное пособие
c Ответственность Финансовый университет при Правительстве Российской Федерации
250 Сведения об издании __
a Основные сведения об издании 1
260 Выходные данные __
a Место издания Москва
b Издательство Вузовский учебник
c Дата издания 2026
300 Физическое описание __
a Объем 320 с.
520 Аннотация __
a Аннотация Цель учебника «Поведение потребителей» — ознакомить читателей с профессиональными задачами в области анализа социально-экономических мотивационных и ситуационных факторов поведения потребителей с путями эффективного его регулирования и оптимизации. В процессе изучения материалов читатель сможет узнать факторы внешнего влияния на поведение потребителей а также внутренние факторы поведения потребителей; рассмотреть и проанализировать процесс принятия потребителями решения о покупке; понять сущность и факторы покупательского поведения организации уделить внимание процессу развития консьюмеризма в условиях рыночных отношений. В учебнике представлены современные модели поведения и принятия решения о покупке потребителями как на российском так и на международном рынках а один из разделов посвящен поведению организационного потребителя. Учебник соответствует Федеральному государственному образовательному стандарту высшего профессионального образования четвертого поколения и предназначен для бакалавров аналитиков маркетологов менеджеров по продажам предпринимателей а также специалистов-практиков интересующихся возможностями маркетинговых исследований в деятельности коммерческих организаций.
521 Примеч. о цел. назн. __
a Примеч. о целев. назн. ВО - Бакалавриат
650 Тематические рубрики __
a Основная рубрика Реклама. Маркетинг. PR
x Основная подрубрика Маркетинговые исследования. Бенчмаркинг
655 Указ. предметных рубрик (устаревшее) __
a Жанр/ форма (устаревшее) Учебное пособие
700 Другие авторы __
a Другие авторы Жильцова О.Н.
q Полное имя Жильцова Ольга Николаевна
u Дополнение Финансовый университет при Правительстве Российской Федерации
856 Электронный адрес документа 4_
a Имя сервера/домена znanium.ru
m Помощь ebs_support@infra-m.ru
n Местонахождение сервера НИЦ ИНФРА-М
u URL https://znanium.ru/catalog/document?id=477157
856 Электронный адрес документа 48
a Имя сервера/домена znanium.ru
d Путь /cover/2222
f Электронное имя 2222254.jpg
q Тип электронного формата image/jpeg
u URL https://znanium.ru/cover/2222/2222254.jpg
911 __
u 0030=https://znanium.ru/catalog/document?id=477157